Najobľúbenejší motív detí je trnavská mestská veža

Bibliographic Details
Main Author: Kvetanová, Darina (Author)
Format: Article
Language:Slovak
PhysicalDescription:Fotogr.
ISSN:1335-4442
Subjects:

MARC

LEADER 00000nab a2200000 a 4500
001 vtls009492285
003 SK-MaSNL
005 20260303044913.0
008 090415 2009 xo w 000 0 slo
038 |a TNKJF 
040 |a TNKJF  |b slo  |c TNKJF  |e AACR2 
041 0 |a slo 
044 |a xo  |c SK 
080 |a 72/76:06.063-053.2  |x (437.612.752)  |2 2001 
100 1 |a Kvetanová, Darina  |4 aut  |9 1034583 
245 1 0 |a Najobľúbenejší motív detí je trnavská mestská veža  |c Darina Kvetanová 
300 |b Fotogr. 
610 2 7 |a Kalokagatia - centrum voľného času (Trnava, Slovensko)  |2 tnkjf  |9 1034689 
611 2 7 |a Moja Trnava  |d (2009 :  |c Trnava, Slovensko)  |2 tnkjf  |9 1034690 
650 0 7 |a výtvarné súťaže  |2 tnkjf  |9 2910 
650 0 7 |a výtvarné práce detí a mládeže  |2 tnkjf  |9 68655 
651 7 |a Trnava (Slovensko)  |2 tnkjf  |9 19407 
773 0 |t Trnavské noviny - MY  |g Roč. 19, č. 14 (2009), s. 9  |x 1335-4442 
852 |a TNKJF  |b KIS3GCP 
999 |c 1701930  |d 1703860